00647nam a2200133 a 450000100100000000500170001000800410002704000250006824502130009326000640030630000200037095201060039099900170049600003995920201002033831.0130731s1987 dr 000 0 spa d aDO-SdBNPbspacBNPHU00aEstatutos :bSociedad Dominicana de Geografía Aociación con categoría académica y sin fines de lucro, in corporada en virtud del decreto del Poder Ejecutivo no. 142- 87 de fecha 20 de marzo de 1987 /. aSanto Domingo :bSociedad Dominicana de Geografía,c1987. a22 p. ;c22 cm. 00107-18PDaPDbPDcOId2013-07-31iLF1l0o p39959-10r2020-06-25w2020-06-25yLFPDZNo se presta c39449d39449